<?xml version="1.0" encoding="UTF-8"?>
<record
    xmlns:xsi="http://www.w3.org/2001/XMLSchema-instance"
    xsi:schemaLocation="http://www.loc.gov/MARC21/slim http://www.loc.gov/standards/marcxml/schema/MARC21slim.xsd"
    xmlns="http://www.loc.gov/MARC21/slim">

  <leader>00448nam a2200169   4500</leader>
  <controlfield tag="003">SEACOMEC</controlfield>
  <controlfield tag="005">20250125122550.0</controlfield>
  <controlfield tag="008">250125b        |||||||| |||| 00| 0 eng d</controlfield>
  <datafield tag="020" ind1=" " ind2=" ">
    <subfield code="a"> 9352533844</subfield>
    <subfield code="c">425.00</subfield>
  </datafield>
  <datafield tag="040" ind1=" " ind2=" ">
    <subfield code="a">SEACOMEC</subfield>
  </datafield>
  <datafield tag="082" ind1=" " ind2=" ">
    <subfield code="a">621.402</subfield>
    <subfield code="b">R1611</subfield>
  </datafield>
  <datafield tag="100" ind1=" " ind2=" ">
    <subfield code="a"> Rajput, R. K.</subfield>
  </datafield>
  <datafield tag="245" ind1=" " ind2=" ">
    <subfield code="a">A Textbook of Heat and Mass Transfer/ </subfield>
    <subfield code="c">RK Rajput</subfield>
  </datafield>
  <datafield tag="250" ind1=" " ind2=" ">
    <subfield code="a">3rd ed</subfield>
  </datafield>
  <datafield tag="260" ind1=" " ind2=" ">
    <subfield code="a">New Delhi</subfield>
    <subfield code="b">S. Chand Publishing</subfield>
    <subfield code="c">2006, 2011</subfield>
  </datafield>
  <datafield tag="942" ind1=" " ind2=" ">
    <subfield code="c">BOOK</subfield>
  </datafield>
  <datafield tag="952" ind1=" " ind2=" ">
    <subfield code="0">0</subfield>
    <subfield code="1">0</subfield>
    <subfield code="2">ddc</subfield>
    <subfield code="4">0</subfield>
    <subfield code="7">0</subfield>
    <subfield code="a">SEACOMEC</subfield>
    <subfield code="b">SEACOMEC</subfield>
    <subfield code="d">2008-07-30</subfield>
    <subfield code="l">0</subfield>
    <subfield code="o">621.402 R1611</subfield>
    <subfield code="p">12414</subfield>
    <subfield code="r">2025-01-25 12:19:50</subfield>
    <subfield code="w">2025-01-25</subfield>
    <subfield code="y">BOOK</subfield>
  </datafield>
  <datafield tag="952" ind1=" " ind2=" ">
    <subfield code="0">0</subfield>
    <subfield code="1">0</subfield>
    <subfield code="2">ddc</subfield>
    <subfield code="4">0</subfield>
    <subfield code="7">0</subfield>
    <subfield code="a">SEACOMEC</subfield>
    <subfield code="b">SEACOMEC</subfield>
    <subfield code="d">2008-07-30</subfield>
    <subfield code="l">0</subfield>
    <subfield code="o">621.402 R1611</subfield>
    <subfield code="p">12415</subfield>
    <subfield code="r">2025-01-25 12:19:50</subfield>
    <subfield code="t">1</subfield>
    <subfield code="w">2025-01-25</subfield>
    <subfield code="y">BOOK</subfield>
  </datafield>
  <datafield tag="952" ind1=" " ind2=" ">
    <subfield code="0">0</subfield>
    <subfield code="1">0</subfield>
    <subfield code="2">ddc</subfield>
    <subfield code="4">0</subfield>
    <subfield code="7">0</subfield>
    <subfield code="a">SEACOMEC</subfield>
    <subfield code="b">SEACOMEC</subfield>
    <subfield code="d">2008-07-30</subfield>
    <subfield code="l">0</subfield>
    <subfield code="o">621.402 R1611</subfield>
    <subfield code="p">12416</subfield>
    <subfield code="r">2025-01-25 12:19:50</subfield>
    <subfield code="t">2</subfield>
    <subfield code="w">2025-01-25</subfield>
    <subfield code="y">BOOK</subfield>
  </datafield>
  <datafield tag="952" ind1=" " ind2=" ">
    <subfield code="0">0</subfield>
    <subfield code="1">0</subfield>
    <subfield code="2">ddc</subfield>
    <subfield code="4">0</subfield>
    <subfield code="7">0</subfield>
    <subfield code="a">SEACOMEC</subfield>
    <subfield code="b">SEACOMEC</subfield>
    <subfield code="d">2008-07-30</subfield>
    <subfield code="l">0</subfield>
    <subfield code="o">621.402 R1611</subfield>
    <subfield code="p">12417</subfield>
    <subfield code="r">2025-01-25 12:19:50</subfield>
    <subfield code="t">3</subfield>
    <subfield code="w">2025-01-25</subfield>
    <subfield code="y">BOOK</subfield>
  </datafield>
  <datafield tag="952" ind1=" " ind2=" ">
    <subfield code="0">0</subfield>
    <subfield code="1">0</subfield>
    <subfield code="2">ddc</subfield>
    <subfield code="4">0</subfield>
    <subfield code="7">0</subfield>
    <subfield code="a">SEACOMEC</subfield>
    <subfield code="b">SEACOMEC</subfield>
    <subfield code="d">2008-07-30</subfield>
    <subfield code="l">0</subfield>
    <subfield code="o">621.402 R1611</subfield>
    <subfield code="p">12418</subfield>
    <subfield code="r">2025-01-25 12:19:50</subfield>
    <subfield code="t">4</subfield>
    <subfield code="w">2025-01-25</subfield>
    <subfield code="y">BOOK</subfield>
  </datafield>
  <datafield tag="952" ind1=" " ind2=" ">
    <subfield code="0">0</subfield>
    <subfield code="1">0</subfield>
    <subfield code="2">ddc</subfield>
    <subfield code="4">0</subfield>
    <subfield code="7">0</subfield>
    <subfield code="a">SEACOMEC</subfield>
    <subfield code="b">SEACOMEC</subfield>
    <subfield code="d">2008-07-30</subfield>
    <subfield code="l">0</subfield>
    <subfield code="o">621.402 R1611</subfield>
    <subfield code="p">12419</subfield>
    <subfield code="r">2025-01-25 12:19:50</subfield>
    <subfield code="t">5</subfield>
    <subfield code="w">2025-01-25</subfield>
    <subfield code="y">BOOK</subfield>
  </datafield>
  <datafield tag="952" ind1=" " ind2=" ">
    <subfield code="0">0</subfield>
    <subfield code="1">0</subfield>
    <subfield code="2">ddc</subfield>
    <subfield code="4">0</subfield>
    <subfield code="7">0</subfield>
    <subfield code="a">SEACOMEC</subfield>
    <subfield code="b">SEACOMEC</subfield>
    <subfield code="d">2008-07-30</subfield>
    <subfield code="l">0</subfield>
    <subfield code="o">621.402 R1611</subfield>
    <subfield code="p">12420</subfield>
    <subfield code="r">2025-01-25 12:19:50</subfield>
    <subfield code="t">6</subfield>
    <subfield code="w">2025-01-25</subfield>
    <subfield code="y">BOOK</subfield>
  </datafield>
  <datafield tag="952" ind1=" " ind2=" ">
    <subfield code="0">0</subfield>
    <subfield code="1">0</subfield>
    <subfield code="2">ddc</subfield>
    <subfield code="4">0</subfield>
    <subfield code="7">0</subfield>
    <subfield code="a">SEACOMEC</subfield>
    <subfield code="b">SEACOMEC</subfield>
    <subfield code="d">2008-07-30</subfield>
    <subfield code="l">0</subfield>
    <subfield code="o">621.402 R1611</subfield>
    <subfield code="p">12421</subfield>
    <subfield code="r">2025-01-25 12:19:50</subfield>
    <subfield code="t">7</subfield>
    <subfield code="w">2025-01-25</subfield>
    <subfield code="y">BOOK</subfield>
  </datafield>
  <datafield tag="952" ind1=" " ind2=" ">
    <subfield code="0">0</subfield>
    <subfield code="1">0</subfield>
    <subfield code="2">ddc</subfield>
    <subfield code="4">0</subfield>
    <subfield code="7">0</subfield>
    <subfield code="a">SEACOMEC</subfield>
    <subfield code="b">SEACOMEC</subfield>
    <subfield code="d">2008-07-30</subfield>
    <subfield code="l">0</subfield>
    <subfield code="o">621.402 R1611</subfield>
    <subfield code="p">12422</subfield>
    <subfield code="r">2025-01-25 12:19:50</subfield>
    <subfield code="t">8</subfield>
    <subfield code="w">2025-01-25</subfield>
    <subfield code="y">BOOK</subfield>
  </datafield>
  <datafield tag="952" ind1=" " ind2=" ">
    <subfield code="0">0</subfield>
    <subfield code="1">0</subfield>
    <subfield code="2">ddc</subfield>
    <subfield code="4">0</subfield>
    <subfield code="7">0</subfield>
    <subfield code="a">SEACOMEC</subfield>
    <subfield code="b">SEACOMEC</subfield>
    <subfield code="d">2008-07-30</subfield>
    <subfield code="l">0</subfield>
    <subfield code="o">621.402 R1611</subfield>
    <subfield code="p">12423</subfield>
    <subfield code="r">2025-01-25 12:19:50</subfield>
    <subfield code="t">9</subfield>
    <subfield code="w">2025-01-25</subfield>
    <subfield code="y">BOOK</subfield>
  </datafield>
  <datafield tag="952" ind1=" " ind2=" ">
    <subfield code="0">0</subfield>
    <subfield code="1">0</subfield>
    <subfield code="2">ddc</subfield>
    <subfield code="4">0</subfield>
    <subfield code="7">0</subfield>
    <subfield code="a">SEACOMEC</subfield>
    <subfield code="b">SEACOMEC</subfield>
    <subfield code="d">2011-08-14</subfield>
    <subfield code="l">0</subfield>
    <subfield code="o">621.402 R1611</subfield>
    <subfield code="p">18929</subfield>
    <subfield code="r">2025-01-25 12:23:32</subfield>
    <subfield code="t">10</subfield>
    <subfield code="w">2025-01-25</subfield>
    <subfield code="y">BOOK</subfield>
  </datafield>
  <datafield tag="952" ind1=" " ind2=" ">
    <subfield code="0">0</subfield>
    <subfield code="1">0</subfield>
    <subfield code="2">ddc</subfield>
    <subfield code="4">0</subfield>
    <subfield code="7">0</subfield>
    <subfield code="a">SEACOMEC</subfield>
    <subfield code="b">SEACOMEC</subfield>
    <subfield code="d">2011-08-14</subfield>
    <subfield code="l">0</subfield>
    <subfield code="o">621.402 R1611</subfield>
    <subfield code="p">18930</subfield>
    <subfield code="r">2025-01-25 12:23:32</subfield>
    <subfield code="t">11</subfield>
    <subfield code="w">2025-01-25</subfield>
    <subfield code="y">BOOK</subfield>
  </datafield>
  <datafield tag="952" ind1=" " ind2=" ">
    <subfield code="0">0</subfield>
    <subfield code="1">0</subfield>
    <subfield code="2">ddc</subfield>
    <subfield code="4">0</subfield>
    <subfield code="7">0</subfield>
    <subfield code="a">SEACOMEC</subfield>
    <subfield code="b">SEACOMEC</subfield>
    <subfield code="d">2011-08-14</subfield>
    <subfield code="l">0</subfield>
    <subfield code="o">621.402 R1611</subfield>
    <subfield code="p">18931</subfield>
    <subfield code="r">2025-01-25 12:23:32</subfield>
    <subfield code="t">12</subfield>
    <subfield code="w">2025-01-25</subfield>
    <subfield code="y">BOOK</subfield>
  </datafield>
  <datafield tag="952" ind1=" " ind2=" ">
    <subfield code="0">0</subfield>
    <subfield code="1">0</subfield>
    <subfield code="2">ddc</subfield>
    <subfield code="4">0</subfield>
    <subfield code="7">0</subfield>
    <subfield code="a">SEACOMEC</subfield>
    <subfield code="b">SEACOMEC</subfield>
    <subfield code="d">2011-08-14</subfield>
    <subfield code="l">0</subfield>
    <subfield code="o">621.402 R1611</subfield>
    <subfield code="p">18932</subfield>
    <subfield code="r">2025-01-25 12:23:32</subfield>
    <subfield code="t">13</subfield>
    <subfield code="w">2025-01-25</subfield>
    <subfield code="y">BOOK</subfield>
  </datafield>
  <datafield tag="952" ind1=" " ind2=" ">
    <subfield code="0">0</subfield>
    <subfield code="1">0</subfield>
    <subfield code="2">ddc</subfield>
    <subfield code="4">0</subfield>
    <subfield code="7">0</subfield>
    <subfield code="a">SEACOMEC</subfield>
    <subfield code="b">SEACOMEC</subfield>
    <subfield code="d">2011-08-14</subfield>
    <subfield code="l">0</subfield>
    <subfield code="o">621.402 R1611</subfield>
    <subfield code="p">18933</subfield>
    <subfield code="r">2025-01-25 12:23:32</subfield>
    <subfield code="t">14</subfield>
    <subfield code="w">2025-01-25</subfield>
    <subfield code="y">BOOK</subfield>
  </datafield>
  <datafield tag="952" ind1=" " ind2=" ">
    <subfield code="0">0</subfield>
    <subfield code="1">0</subfield>
    <subfield code="2">ddc</subfield>
    <subfield code="4">0</subfield>
    <subfield code="7">0</subfield>
    <subfield code="a">SEACOMEC</subfield>
    <subfield code="b">SEACOMEC</subfield>
    <subfield code="d">2011-08-14</subfield>
    <subfield code="l">0</subfield>
    <subfield code="o">621.402 R1611</subfield>
    <subfield code="p">18934</subfield>
    <subfield code="r">2025-01-25 12:23:32</subfield>
    <subfield code="t">15</subfield>
    <subfield code="w">2025-01-25</subfield>
    <subfield code="y">BOOK</subfield>
  </datafield>
  <datafield tag="952" ind1=" " ind2=" ">
    <subfield code="0">0</subfield>
    <subfield code="1">0</subfield>
    <subfield code="2">ddc</subfield>
    <subfield code="4">0</subfield>
    <subfield code="7">0</subfield>
    <subfield code="a">SEACOMEC</subfield>
    <subfield code="b">SEACOMEC</subfield>
    <subfield code="d">2011-08-14</subfield>
    <subfield code="l">0</subfield>
    <subfield code="o">621.402 R1611</subfield>
    <subfield code="p">18935</subfield>
    <subfield code="r">2025-01-25 12:23:32</subfield>
    <subfield code="t">16</subfield>
    <subfield code="w">2025-01-25</subfield>
    <subfield code="y">BOOK</subfield>
  </datafield>
  <datafield tag="952" ind1=" " ind2=" ">
    <subfield code="0">0</subfield>
    <subfield code="1">0</subfield>
    <subfield code="2">ddc</subfield>
    <subfield code="4">0</subfield>
    <subfield code="7">0</subfield>
    <subfield code="a">SEACOMEC</subfield>
    <subfield code="b">SEACOMEC</subfield>
    <subfield code="d">2011-08-14</subfield>
    <subfield code="l">0</subfield>
    <subfield code="o">621.402 R1611</subfield>
    <subfield code="p">18936</subfield>
    <subfield code="r">2025-01-25 12:23:32</subfield>
    <subfield code="t">17</subfield>
    <subfield code="w">2025-01-25</subfield>
    <subfield code="y">BOOK</subfield>
  </datafield>
  <datafield tag="952" ind1=" " ind2=" ">
    <subfield code="0">0</subfield>
    <subfield code="1">0</subfield>
    <subfield code="2">ddc</subfield>
    <subfield code="4">0</subfield>
    <subfield code="7">0</subfield>
    <subfield code="a">SEACOMEC</subfield>
    <subfield code="b">SEACOMEC</subfield>
    <subfield code="d">2011-08-14</subfield>
    <subfield code="l">0</subfield>
    <subfield code="o">621.402 R1611</subfield>
    <subfield code="p">18937</subfield>
    <subfield code="r">2025-01-25 12:23:32</subfield>
    <subfield code="t">18</subfield>
    <subfield code="w">2025-01-25</subfield>
    <subfield code="y">BOOK</subfield>
  </datafield>
  <datafield tag="952" ind1=" " ind2=" ">
    <subfield code="0">0</subfield>
    <subfield code="1">0</subfield>
    <subfield code="2">ddc</subfield>
    <subfield code="4">0</subfield>
    <subfield code="7">0</subfield>
    <subfield code="a">SEACOMEC</subfield>
    <subfield code="b">SEACOMEC</subfield>
    <subfield code="d">2011-08-14</subfield>
    <subfield code="l">0</subfield>
    <subfield code="o">621.402 R1611</subfield>
    <subfield code="p">18938</subfield>
    <subfield code="r">2025-01-25 12:23:32</subfield>
    <subfield code="t">19</subfield>
    <subfield code="w">2025-01-25</subfield>
    <subfield code="y">BOOK</subfield>
  </datafield>
  <datafield tag="952" ind1=" " ind2=" ">
    <subfield code="0">0</subfield>
    <subfield code="1">0</subfield>
    <subfield code="2">ddc</subfield>
    <subfield code="4">0</subfield>
    <subfield code="7">0</subfield>
    <subfield code="a">SEACOMEC</subfield>
    <subfield code="b">SEACOMEC</subfield>
    <subfield code="d">2011-08-14</subfield>
    <subfield code="l">0</subfield>
    <subfield code="o">621.402 R1611</subfield>
    <subfield code="p">18939</subfield>
    <subfield code="r">2025-01-25 12:23:32</subfield>
    <subfield code="t">20</subfield>
    <subfield code="w">2025-01-25</subfield>
    <subfield code="y">BOOK</subfield>
  </datafield>
  <datafield tag="952" ind1=" " ind2=" ">
    <subfield code="0">0</subfield>
    <subfield code="1">0</subfield>
    <subfield code="2">ddc</subfield>
    <subfield code="4">0</subfield>
    <subfield code="7">0</subfield>
    <subfield code="a">SEACOMEC</subfield>
    <subfield code="b">SEACOMEC</subfield>
    <subfield code="d">2011-08-14</subfield>
    <subfield code="l">0</subfield>
    <subfield code="o">621.402 R1611</subfield>
    <subfield code="p">18940</subfield>
    <subfield code="r">2025-01-25 12:23:32</subfield>
    <subfield code="t">21</subfield>
    <subfield code="w">2025-01-25</subfield>
    <subfield code="y">BOOK</subfield>
  </datafield>
  <datafield tag="952" ind1=" " ind2=" ">
    <subfield code="0">0</subfield>
    <subfield code="1">0</subfield>
    <subfield code="2">ddc</subfield>
    <subfield code="4">0</subfield>
    <subfield code="7">0</subfield>
    <subfield code="a">SEACOMEC</subfield>
    <subfield code="b">SEACOMEC</subfield>
    <subfield code="d">2011-08-14</subfield>
    <subfield code="l">0</subfield>
    <subfield code="o">621.402 R1611</subfield>
    <subfield code="p">18941</subfield>
    <subfield code="r">2025-01-25 12:23:32</subfield>
    <subfield code="t">22</subfield>
    <subfield code="w">2025-01-25</subfield>
    <subfield code="y">BOOK</subfield>
  </datafield>
  <datafield tag="952" ind1=" " ind2=" ">
    <subfield code="0">0</subfield>
    <subfield code="1">0</subfield>
    <subfield code="2">ddc</subfield>
    <subfield code="4">0</subfield>
    <subfield code="7">0</subfield>
    <subfield code="a">SEACOMEC</subfield>
    <subfield code="b">SEACOMEC</subfield>
    <subfield code="d">2011-08-14</subfield>
    <subfield code="l">1</subfield>
    <subfield code="o">621.402 R1611</subfield>
    <subfield code="p">18942</subfield>
    <subfield code="q">2026-04-14</subfield>
    <subfield code="r">2026-03-31 15:56:15</subfield>
    <subfield code="s">2026-03-31</subfield>
    <subfield code="t">23</subfield>
    <subfield code="w">2025-01-25</subfield>
    <subfield code="y">BOOK</subfield>
  </datafield>
  <datafield tag="952" ind1=" " ind2=" ">
    <subfield code="0">0</subfield>
    <subfield code="1">0</subfield>
    <subfield code="2">ddc</subfield>
    <subfield code="4">0</subfield>
    <subfield code="7">0</subfield>
    <subfield code="a">SEACOMEC</subfield>
    <subfield code="b">SEACOMEC</subfield>
    <subfield code="d">2011-08-14</subfield>
    <subfield code="l">0</subfield>
    <subfield code="o">621.402 R1611</subfield>
    <subfield code="p">18943</subfield>
    <subfield code="r">2025-01-25 12:23:32</subfield>
    <subfield code="t">24</subfield>
    <subfield code="w">2025-01-25</subfield>
    <subfield code="y">BOOK</subfield>
  </datafield>
  <datafield tag="999" ind1=" " ind2=" ">
    <subfield code="c">1970</subfield>
    <subfield code="d">1970</subfield>
  </datafield>
</record>
